000 00754nam a22002057a 4500
005 20170525113916.0
010 _aENG-118396
020 _a8181770757
_c872.00
020 _a9788181770752
_c872.00
035 _aEN-101928
037 _bDBAD/PUB
082 _a581.95452
245 _aFlora of west bengal /
_cEdited by Vinay Ranjan, P. Lakshminarasimhan, S.S Dash and H.J.Chowdhery
260 _aKolkata
_bBotanical Survey Of India
_c2016
270 _aCGO Complex, 3rd MSO Building Block-F, 5th & 6th Floor, DF Block, Sector-I, sALT lake City Kolkata-700064
300 _a58,493p (Coloured Photo)
_c24cm.(Hb)
490 _aFlora Of India; Series-2
505 _aApiaceae-Boraginaceae; V-III
942 _2ddc
_cEN
_h581.95452
_mFLO
999 _c140428
_d140428